Russian Crimes in Ukraine (Запис № 579709)

МАРК-запис
000 -Лідер
fixed length control field 01946 a2200253 4500
001 - Контрольний номер
control field 2162214035926623
003 - Ідентифікатор контрольного номера
control field UA-OsUOA
005 - Дата та час останнього входження (трансакції)
control field 20260224151411.0
008 - Елементи даних фіксованої довжини – загальна інформація
fixed length control field 260224b un ||||| |||| 00| 0 eng d
020 ## - Міжнародний стандартний книжковий номер (ISBN)
Міжнародний стандартний книжковий номер (ISBN) (НП) 9781965560792
040 ## - Джерело каталогізації
Агенція оригінальної каталогізації UA-OsUOA
Мова каталогізації ukr
Агенція, яка здійснювала перезапис UA-OsUOA
Агенція, яка здійснювала модифікацію UA-OsUOA
041 ## - Код мови
Код мови тексту/ звукової доріжки чи окремого заголовка (П) eng
080 ## - Індекс Універсальної десяткової класифікації
Індекс Універсальної десяткової класифікації (УДК) (НП) 94(477)
090 ## - Локальний шифр розміщення
Класифікаційний індекс УДК 94(477)
Авторський знак (НП) L95
100 ## - Основне введення – ім’я особи
Ім’я особи (НП) Lozynskyj A. S.
9 (RLIN) 1766
245 ## - Відомості про назву
Назва (НП) Russian Crimes in Ukraine
Дані про відповідальність (НП) Askold S. Lozynskyj
260 ## - Публікація, розповсюдження і т.п. (Вихідні дані)
Місце публікації, розповсюдження і т.п. (П) Lviv
Ім’я/ наймення видавництва, розповсюджувача і т.п. (П) Publishing House Ivan Franko National University of Lviv
Дата публікації, розповсюдження і т.п. (П) 2025
300 ## - Фізичний опис
Обсяг 328 p.
520 ## - Резюме і т.п.
Резюме, реферат, анотація, тощо (НП) Russian Crimes in Ukraine is a holistic, careful, thought-provoking analysis and commentary on the crisis of Russia’s war on Ukraine. Written by political activist and public figure Askold Lozynskyj, this powerful collection of essays and research highlights Russia’s long history of imperialism, disinformation, and disregard for international law, culminating in the current full-scale invasion of Ukraine.<br/><br/>Lozynskyj takes his work a step further by examining the world’s responses to Russian aggression, questioning the effectiveness of diplomatic efforts, sanctions, and the role of Western countries in supporting Ukraine's sovereignty. Through insightful analysis of historical context, he displays how Russia has manipulated narratives and international structures to serve its nefarious agenda.<br/><br/>Russian Crimes in Ukraine showcases the resilience of the Ukrainian people and the importance of international solidarity following this atrocity.<br/><br/>There is a great need to counter Authoritarian threats. This book provides essential information for anyone who desires a deeper understanding of the invasion and the global struggle for peace, freedom, and justice.
650 ## - Додаткове предметне введення – тематичний термін
Тематичний термін чи географічна назва, як елемент введення (НП) 94(477) Історія України
9 (RLIN) 1446
942 ## - Додаткові елементи входу (Коха)
Тип елемента Koha Книги
Source of classification or shelving scheme Universal Decimal Classification
955 ## - Код типу видання за змістом
Код типу видання за змістом (НП) Науково-популярні видання
Фонди
Стан вилучень Стан втрат Джерело класифікації або схеми стелажів Стан уражень Не для кредиту Постійне місце розташування Поточне розміщення Дата придбання Джерело придбання Вартість, звичайна ціна покупки Усього замовленно Повний номер виклику Штрих-код Дата останнього перегляду Вартість, ціна заміни Ціна ефективна від Тип елемента Koha
    Universal Decimal Classification     ВІЛ - Відділ іноземн. літератури НБ ВІЛ - Відділ іноземн. літератури НБ 23/02/2026 Акт №06/23.02.2026 70.00   94(477) L95 217952 24/02/2026 70.00 24/02/2026 Книги
    Universal Decimal Classification     ВІЛ - Відділ іноземн. літератури НБ ВІЛ - Відділ іноземн. літератури НБ 24/02/2026 Акт №06/23.02.2026 70.00   94(477) L95 217953 24/02/2026 70.00 24/02/2026 Книги
    Universal Decimal Classification     ВІЛ - Відділ іноземн. літератури НБ ВІЛ - Відділ іноземн. літератури НБ 24/02/2026 Акт №06/23.02.2026 70.00   94(477) L95 217954 24/02/2026 70.00 24/02/2026 Книги